000 00199 a2200097 4500
001 1687
100 _aFrench T.E.
245 _aMechanical Drawing
260 _a
_bMcgraw-Hill
_c
090 _c1224
_d1224
942 _aNUST-CAE
_cM
_c2492
999 _c236760
_d236760